000
00332nam a2200145Ia 4500
003
OSt
005
20240227120954.0
008
170524s9999 xx 000 0 und d
020
_a
9788177583861
040
_c
IIMT UNIVERSITY
100
_a
Petersen HC
245
0
_a
MANAGERIAL ECONOMICS
260
_a
New Delhi PHI
942
_2
ddc
_c
02
999
_c
3023
_d
3023